000 00446nam a2200181Ia 4500
001 15934
005 20260306170232.0
008 260306t2008||||xx |||||||||||||| ||und||
041 _aESP
082 _a620.82
_bM84 V. 3
100 _aMondelo , Pedro R.
_eAUT
245 0 _aErgonomía 3:
_bdiseño de puestos de trabajo
260 _c2008
300 _a270 páginas :
_c26 cm.
650 _aGEN
654 _aCII
942 _cLIB
_dJUS
_fJUS
_2ddc
_n
999 _c15934
_d15934